El seminario de Jacques Lacan : el sinthome : 1975-1976 /

Guardat en:
Dades bibliogràfiques
Autor principal: Lacan, Jacques (autor)
Altres autors: Miller, Jacques-Alain (versión) (versión)
Format: Llibre
Idioma:espanyol
Publicat: Buenos Aires, Argentina : Paidós, 2006, c2006
Col·lecció:(El Seminario de Jacques Lacan ; 23)
Matèries:
Etiquetes: Afegir etiqueta
Sense etiquetes, Sigues el primer a etiquetar aquest registre!

MARC

LEADER 00000nam^a2200000^a^4500
001 000444921
005 20250521000000.0
009 20260310123528.711
020 |a 978-950-12-3979-9 
037 |a Acervo ITESO - Biblioteca 
041 |a ESP 
082 |a 150. 1957  |b LAC SEM PAI V. 23 
100 |a Lacan, Jacques  |e (autor) 
240 1 4 |a [El seminario de Jacques Lacan] 
245 1 3 |a El seminario de Jacques Lacan :  |b el sinthome : 1975-1976 /  |c J. Lacan ; versión de J.A. Miller ; tr. por Nora A. González. 
264 4 |a Buenos Aires, Argentina :  |b Paidós,  |c 2006, c2006 
300 |a 244 p. 
336 |a texto  |b txt  |2 rdacontenido 
337 |a sin mediación  |b n  |2 rdamedio 
338 |a volumen  |b nc  |2 rdasoporte 
440 4 |a (El Seminario de Jacques Lacan ;  |v 23) 
500 |a Traducción de: Le Séminaire de Jacques Lacan. Livre XXIII: le sinthome 
649 |a XX 
650 |a Escritores Irlandeses 
650 |a Sintomatología -  |x Tema Principal 
650 |a Relaciones Padres-Hijos 
650 |a Complejo de Edipo 
650 |a Literatura Irlandesa -  |y Siglo XX 
650 |a Literatura Irlandesa -  |x Historia y Crítica 
650 |a Psicoanálisis y Literatura 
650 |a Psicoanálisis -  |x Técnica 
650 |a Psicoanálisis -  |x Teoría 
650 |a Psicoanálisis Lacaniano -  |x Tema Principal 
650 |a Escuela Francesa de Psicoanálisis 
650 |a Psicoanálisis Freudiano 
650 |a Psicología 
650 |a Joyce, James 
700 |a Miller, Jacques-Alain  |e (versión) 
910 |a Fondo Castillo-Martínez 
920 |a Impresos - Libros 
930 |a Fondos Especiales 
905 |a 127 
901 |a 0500347083  |b IT2  |c ESP  |i D125224  |u 20250521 
902 |a https://opac.biblio.iteso.mx/vufind/Record/000444921